Guess the Letter - Statistics

General Stats
  • This quiz has been taken 32 times
  • The average score is 9 of 10
Answer Stats
Hint Answer % Correct
The 10th letter of the alphabet J
100%
The last letter of the alphabet Z
100%
The most common vowel in the English language E
97%
Usually added when a noun is plural S
97%
The letter that is sometimes a vowel, sometimes a consonant Y
97%
The most common consonant in the English language T
93%
The least common letter in the English language Z
93%
Used before refering to someone/something A
90%
Word/letter for possessing a personal individuality I
90%
The Greek letter "omega" translated O
87%
No matching quizzes found
Score Distribution
Percent of People with Each Score
Percentile by Number Answered
Your Score History
You have not taken this quiz